|
|
|
|
| LEADER |
01539nam a2200445Ia 4500 |
| 001 |
EBC1016395 |
| 003 |
MiAaPQ |
| 005 |
20200520144314.0 |
| 006 |
m o d | |
| 007 |
cr cn||||||||| |
| 008 |
990421s1999 caua sbf 001 0 eng d |
| 010 |
|
|
|z 99006394
|
| 020 |
|
|
|z 0761913556 (alk. paper)
|
| 020 |
|
|
|z 9780761913559
|
| 020 |
|
|
|z 9781412973717
|
| 035 |
|
|
|a (MiAaPQ)EBC1016395
|
| 035 |
|
|
|a (Au-PeEL)EBL1016395
|
| 035 |
|
|
|a (CaPaEBR)ebr10582435
|
| 035 |
|
|
|a (CaONFJC)MIL672660
|
| 035 |
|
|
|a (OCoLC)811606134
|
| 040 |
|
|
|a MiAaPQ
|c MiAaPQ
|d MiAaPQ
|
| 050 |
|
4 |
|a HQ1233
|b .H33 1999
|
| 082 |
0 |
4 |
|a 306.3/615
|2 21
|
| 245 |
0 |
0 |
|a Handbook of gender & work
|h [electronic resource] /
|c Gary N. Powell, editor.
|
| 246 |
3 |
|
|a Handbook of gender and work
|
| 246 |
3 |
|
|a Gender & work
|
| 246 |
3 |
|
|a Gender and work
|
| 260 |
|
|
|a Thousand Oaks, CA :
|b Sage Publications,
|c c1999.
|
| 300 |
|
|
|a xx, 651 p. :
|b ill.
|
| 504 |
|
|
|a Includes bibliographical references (p. 495-596) and indexes.
|
| 533 |
|
|
|a Electronic reproduction. Ann Arbor, MI : ProQuest, 2015. Available via World Wide Web. Access may be limited to ProQuest affiliated libraries.
|
| 650 |
|
0 |
|a Leadership in women.
|
| 650 |
|
0 |
|a Women executives.
|
| 650 |
|
0 |
|a Sex role in the work environment.
|
| 650 |
|
0 |
|a Leadership.
|
| 650 |
|
0 |
|a Women
|x Employment.
|
| 655 |
|
4 |
|a Electronic books.
|
| 700 |
1 |
|
|a Powell, Gary N.
|
| 710 |
2 |
|
|a ProQuest (Firm)
|
| 856 |
4 |
0 |
|u https://ebookcentral.proquest.com/lib/matrademy/detail.action?docID=1016395
|z Click to View
|